000 00387pab a2200145 454500
008 180718b1995 xxu||||| |||| 00| 0 eng d
100 _aArora, Dolly
245 _aAddressing welfare in Third World context
_bIndian case.
260 _c1995
300 _ap.955-62
362 _a29 Apr
650 _aWelfare economics - India
773 _aEconomic and Political Weekly
909 _a28407
999 _c28407
_d28407